RAHSIA BADAN BELIS / (Record no. 179998)

MARC details
000 -LEADER
fixed length control field 00837nam a22002651i 4500
005 - DATE AND TIME OF LATEST TRANSACTION
control field 20201118162015.0
008 - FIXED-LENGTH DATA ELEMENTS--GENERAL INFORMATION
fixed length control field 201118s2018 my a|||j ||| 000 1 may d
020 ## - INTERNATIONAL STANDARD BOOK NUMBER
International Standard Book Number 9789670926438
Qualifying information paperback
040 ## - CATALOGING SOURCE
Original cataloging agency PPAK
Language of cataloging eng
Transcribing agency PPAK
Description conventions rda
082 04 - DEWEY DECIMAL CLASSIFICATION NUMBER
Edition number 23
Classification number 499.2386
090 00 - LOCALLY ASSIGNED LC-TYPE CALL NUMBER (OCLC); LOCAL CALL NUMBER (RLIN)
Classification number (OCLC) (R) ; Classification number, CALL (RLIN) (NR) 499.2386
Feature heading PAV
Feature heading K
100 1# - MAIN ENTRY--PERSONAL NAME
Personal name Pavitra, S.
Relator term author.
245 10 - TITLE STATEMENT
Title RAHSIA BADAN BELIS /
Statement of responsibility, etc. S. PAVITRA
264 #1 - PRODUCTION, PUBLICATION, DISTRIBUTION, MANUFACTURE, AND COPYRIGHT NOTICE
Place of production, publication, distribution, manufacture Seri Kembangan, Selangor :
Name of producer, publisher, distributor, manufacturer PUSTAKA GEDUNG ILMU ,
Date of production, publication, distribution, manufacture, or copyright notice 2018.
300 ## - PHYSICAL DESCRIPTION
Extent 30 pages :
Other physical details colour illustration ;
Dimensions 21 cm.
336 ## - CONTENT TYPE
Source rdacontent
Content type term text
337 ## - MEDIA TYPE
Source rdamedia
Media type term unmediated
338 ## - CARRIER TYPE
Source rdacarrier
Carrier type term volume
490 1# - SERIES STATEMENT
Series statement SIRI MENGAPA HAIWAN BEGITU
650 10 - SUBJECT ADDED ENTRY--TOPICAL TERM
Topical term or geographic name entry element Malay language
General subdivision Readers
Form subdivision Fiction.
Topical term or geographic name entry element Children's stories, Malay.
Topical term or geographic name entry element Animals
Form subdivision Fiction.
830 #0 - SERIES ADDED ENTRY--UNIFORM TITLE
Uniform title Siri mengapa haiwan begitu
942 ## - ADDED ENTRY ELEMENTS (KOHA)
Source of classification or shelving scheme Dewey Decimal Classification
Koha item type Book
Holdings
Withdrawn Not for loan Current library Shelving location Date acquired Full call number Barcode Date last seen Koha item type
    Bergerak 5, Kulim Pinjaman Kanak-kanak 29/11/2020 K 499.2386 PAV A00739729 29/11/2020 Book